| 000 -LEADER |
| fixed length control field |
00736nam a22001337a 4500 |
| 040 ## - CATALOGING SOURCE |
| Transcribing agency |
AGR |
| 082 ## - DEWEY DECIMAL CLASSIFICATION NUMBER |
| Classification number |
AGR KUY 2009 B041 Or.1 |
| 100 ## - MAIN ENTRY--AUTHOR NAME |
| Personal name |
KUY, PHEAKDEY. |
| 245 ## - TITLE STATEMENT |
| Title |
application of lime to acid soil to increase swatow mustard's yield in svay chrum district, svayreang province (ការប្រើប្រាស់កំបោរលើដីអាស៊ីត ដើម្បីបង្កើនទិន្នផលស្ពៃជើងទា នៅស្រុកកៀនស្វាយជ្រុំខេត្តស្វាយរៀង) |
| 260 ## - PUBLICATION, DISTRIBUTION, ETC. (IMPRINT) |
| Place of publication |
Phnom Penh |
| Name of publisher |
RUA |
| Year of publication |
2009 |
| 300 ## - PHYSICAL DESCRIPTION |
| Number of Pages |
Xii, 41p. |
| Other physical details |
ill. |
| Dimensions |
29cm. |
| 856 ## - ELECTRONIC LOCATION AND ACCESS |
| Uniform Resource Identifier |
https://drive.google.com/file/d/11SVGOouij59yIYHKchXSePPQ1giC01wE/view?usp=sharing |
| 942 ## - ADDED ENTRY ELEMENTS (KOHA) |
| Koha item type |
AGR |
| 952 ## - LOCATION AND ITEM INFORMATION (KOHA) |
| Withdrawn status [LOCAL, KOHA] |
0 |
| 952 ## - LOCATION AND ITEM INFORMATION (KOHA) |
| Withdrawn status [LOCAL, KOHA] |
0 |
| 952 ## - LOCATION AND ITEM INFORMATION (KOHA) |
| Withdrawn status [LOCAL, KOHA] |
0 |
| 952 ## - LOCATION AND ITEM INFORMATION (KOHA) |
| Withdrawn status [LOCAL, KOHA] |
0 |
| 952 ## - LOCATION AND ITEM INFORMATION (KOHA) |
| Withdrawn status [LOCAL, KOHA] |
0 |
| 952 ## - LOCATION AND ITEM INFORMATION (KOHA) |
| Withdrawn status [LOCAL, KOHA] |
0 |